| 000 | 02826nam a2200241Ia 4500 | ||
|---|---|---|---|
| 003 | Ost | ||
| 005 | 20260507074939.0 | ||
| 008 | 260507s9999||||xx |||||||||||||| ||und|| | ||
| 040 | _cfsecg | ||
| 041 | _aara | ||
| 082 | _a658.8 | ||
| 100 |
_aالفضل، مؤيد _eمؤلف |
||
| 245 | 0 |
_aمدخل الى الاساليب الكمية في التسويق : _bتطبيقات في منظمات الاعمال الانتاجية و الخدمية / _c مؤيد الفضل |
|
| 250 | _aطبعة 1 | ||
| 260 |
_aعمان: _bدار المسيرة للنشر والتوزيع, _c2007 |
||
| 300 |
_a479 صفحة؛ _bإيضاحات ؛ _c24 سم |
||
| 504 | _aبيبليوغرافيا ص.473 ملاحق ص.479 | ||
| 520 | _aيتناول هذا الكتاب مايلي المقدمة-الفصل الأول : مفاهيم عامة في التسويقىوالمنهج الكمي ونظم المعلومات التسويقية : مفهوم التسويق : مفهوم المنهج الكلي-الفصل الثاني : السلاسل الزمنية في التنبؤ بالمبيعات : مفهوم السلاسل الزمنية ومكوناتها : حساب قيمة وتأثير الإتجاة العام-الفصل الثالث : أساليب المنهج الكمي في سياسات التسعير : إتجاهات السياسه السعرية في منظمة الأعمال : سياسات التسعير في منظمة الأعمال-الفصل الرابع : نماذج النقل في التوزيع وتخصيص الموارد : مفهوم التوزيع وتخصيص الموارد في التسويق : أنواع مشاكل وصيغ التوزيع في الواقع العملي-الفصل الخامس : نظرية الألعاب في تحليل الصراع والهيمنة على السوق : الصراع والهيمنة على السوق : أنواع حالات المنافسة والصراع-الفصل السادس : نظرية القرار في تحليل المنافسة والصراع مع الطبيعة : مفهوم القرار : عملية اتخاذ القرار-الفصل السابع : سلاسل ماركوف في تحديد الحصه السوقيه : تراكم المعرفة والخبرة في تحديد الحصة السوقية-الفصل الثامن : نظرية خطوط الإنتظارفي تسويق الخدمة-الفصل التاسع : نماذج كمية محددة في معالجة مشكلات التسويق : نموذج البرمجة الخطية : نموذج شبكات العمل-الفصل العاشر: بحوث التسويق ونماذج سلوك المستهلك : بحوث التسويق : تصميم البحوث وأهدافها. | ||
| 653 | _aإدارة الإنتاج | ||
| 653 | _aادارة المبيعات | ||
| 653 | _aتسويق | ||
| 942 | _cكتاب | ||
| 999 |
_c41908 _d41908 |
||